[Event "Chessable Masters Play In"]
[Site "Chess.com INT"]
[Date "2024.01.31"]
[Round "1"]
[White "Bernadskiy, Vitaliy"]
[Black "Khanin, Semen"]
[Result "1-0"]
[WhiteElo "2566"]
[BlackElo "2558"]
[PlyCount "97"]
[EventDate "2024.01.31"]
[EventType "swiss (rapid)"]
[EventRounds "9"]
[EventCountry "USA"]
[SourceTitle "CB06_2024"]
[SourceDate "2024.02.07"]
[SourceVersion "1"]
[SourceVersionDate "2024.02.07"]
[SourceQuality "1"]

1. e4 e5 2. Nf3 Nc6 3. Bb5 a6 4. Ba4 Nf6 5. 0-0 Be7 6. Nc3 b5 7. Bb3 d6 8. h3 0-0 9. d3 Na5 10. Ne2 Nxb3 11. axb3 Re8 12. Ng3 h6 13. b4 Bf8 14. c4 Rb8 15. Bd2 bxc4 16. dxc4 c6 17. Bc3 Qc7 18. Re1 Bb7 19. Qc2 Rbd8 20. Rad1 g6 21. b3 Bg7 22. Rd2 Nh7 23. Qb2 Ng5 24. Nxg5 hxg5 25. Red1 Bc8 26. Qa3 g4 27. Qa5 Qe7 28. hxg4 Bxg4 29. Re1 f5 30. Qxa6 f4 31. Nf1 f3 32. Nh2 Qg5 33. Qxc6 Bh3 34. g3 Qh5 35. Rxd6 Rxd6 36. Qxd6 Bg2 37. Qd7 Rf8 38. b5 Bh3 39. Qd3 g5 40. b6 Bc8 41. c5 g4 42. c6 Rf6 43. b7 Bxb7 44. cxb7 Rh6 45. Qd8+ Kh7 46. Qh4 Qe8 47. Qxg4 Qb5 48. Qf5+ Rg6 49. Nxf3 1-0

[Event "Chessable Masters Play In"]
[Site "Chess.com INT"]
[Date "2024.01.31"]
[Round "3"]
[White "Bernadskiy, Vitaliy"]
[Black "Volokitin, Andrei"]
[Result "0-1"]
[WhiteElo "2566"]
[BlackElo "2663"]
[PlyCount "80"]
[EventDate "2024.01.31"]
[EventType "swiss (rapid)"]
[EventRounds "9"]
[EventCountry "USA"]
[SourceTitle "CB06_2024"]
[SourceDate "2024.02.07"]
[SourceVersion "1"]
[SourceVersionDate "2024.02.07"]
[SourceQuality "1"]

1. e4 c5 2. Nc3 d6 3. d4 cxd4 4. Qxd4 Nc6 5. Qe3 Nf6 6. Nf3 d5 7. Nxd5 Nxd5 8. exd5 Qxd5 9. Be2 Bf5 10. c4 Qe4 11. 0-0 e6 12. Qxe4 Bxe4 13. Be3 0-0-0 14. a3 Be7 15. b4 Bf6 16. Rad1 Bc2 17. Rxd8+ Rxd8 18. Rc1 Bd3 19. Kf1 Bb2 20. Rd1 Bxe2+ 21. Kxe2 Rxd1 22. Kxd1 Bxa3 23. b5 Na5 24. c5 Nc4 25. Bd4 e5 26. Bxe5 Nxe5 27. Nxe5 Bxc5 28. Nxf7 Bxf2 29. Ng5 Bc5 30. Ne6 Bd6 31. Nxg7 Bxh2 32. Kc2 Kd7 33. Kd3 Kd6 34. Kc4 Ke5 35. Ne8 Ke6 36. Ng7+ Kf6 37. Nh5+ Kg6 38. g4 Kg5 39. b6 axb6 40. Kb5 Be5 0-1

[Event "Chessable Masters Play In"]
[Site "Chess.com INT"]
[Date "2024.01.31"]
[Round "2"]
[White "Piorun, Kacper"]
[Black "Bernadskiy, Vitaliy"]
[Result "1-0"]
[WhiteElo "2597"]
[BlackElo "2566"]
[PlyCount "65"]
[EventDate "2024.01.31"]
[EventType "swiss (rapid)"]
[EventRounds "9"]
[EventCountry "USA"]
[SourceTitle "CB06_2024"]
[SourceDate "2024.02.07"]
[SourceVersion "1"]
[SourceVersionDate "2024.02.07"]
[SourceQuality "1"]

1. e4 c6 2. d4 d5 3. Nc3 dxe4 4. Nxe4 Bf5 5. Ng3 Bg6 6. h4 h6 7. Nf3 Nd7 8. h5 Bh7 9. Bd3 Bxd3 10. Qxd3 Ngf6 11. Bf4 e6 12. 0-0-0 Be7 13. Kb1 Qb6 14. c4 Rd8 15. Ne4 Nxe4 16. Qxe4 Nf6 17. Qe2 a5 18. Be3 Qa6 19. Ne5 a4 20. g4 a3 21. b3 Qa5 22. Qc2 Bd6 23. f4 0-0 24. Rhg1 Bxe5 25. fxe5 Nh7 26. g5 hxg5 27. Bxg5 Nxg5 28. Rxg5 Kh8 29. h6 g6 30. Qf2 f6 31. Rxg6 fxe5 32. Rf6 Rfe8 33. Rf7 1-0

[Event "Chessable Masters Play In"]
[Site "Chess.com INT"]
[Date "2024.01.31"]
[Round "9"]
[White "Sadhwani, Raunak"]
[Black "Bernadskiy, Vitaliy"]
[Result "0-1"]
[WhiteElo "2654"]
[BlackElo "2566"]
[PlyCount "46"]
[EventDate "2024.01.31"]
[EventType "swiss (rapid)"]
[EventRounds "9"]
[EventCountry "USA"]
[SourceTitle "CB06_2024"]
[SourceDate "2024.02.07"]
[SourceVersion "1"]
[SourceVersionDate "2024.02.07"]
[SourceQuality "1"]

1. e4 c6 2. d4 d5 3. e5 Bf5 4. Nf3 e6 5. Be2 Bg6 6. 0-0 Nh6 7. Bxh6 gxh6 8. c4 Bg7 9. Nc3 0-0 10. Qb3 Qb6 11. Qa3 Na6 12. c5 Qb4 13. Qxb4 Nxb4 14. a3 Na6 15. Bxa6 bxa6 16. Nd2 Rab8 17. b3 a5 18. Ra2 f6 19. f4 fxe5 20. fxe5 h5 21. Rxf8+ Bxf8 22. Rb2 Bh6 23. Nf3 Bc1 0-1

[Event "Roquetas de Mar op 35th"]
[Site "Roquetas de Mar"]
[Date "2024.01.07"]
[Round "9"]
[White "Bernadskiy, Vitaliy"]
[Black "Macias Pino, Diego"]
[Result "1-0"]
[WhiteElo "2566"]
[BlackElo "2456"]
[PlyCount "73"]
[EventDate "2024.01.02"]
[EventType "swiss"]
[EventRounds "9"]
[EventCountry "ESP"]
[SourceTitle "CB02_2024"]
[SourceDate "2024.01.10"]
[SourceVersion "1"]
[SourceVersionDate "2024.01.10"]
[SourceQuality "1"]

1. e4 c5 2. Nf3 d6 3. d4 cxd4 4. Nxd4 Nf6 5. Nc3 a6 6. f3 e5 7. Nb3 Be6 8. Be3 h5 9. Qd2 Nbd7 10. Nd5 Nxd5 11. exd5 Bf5 12. Be2 Qc7 13. c4 a5 14. Rc1 a4 15. Na1 g6 16. 0-0 Bg7 17. g4 hxg4 18. fxg4 Be4 19. g5 Nc5 20. Bg4 Bd3 21. Rf2 e4 22. b4 Nd7 23. Be2 Ne5 24. Bf4 Qd7 25. c5 Qh3 26. c6 bxc6 27. dxc6 Ng4 28. Bxg4 Qxg4+ 29. Kh1 d5 30. b5 Bd4 31. Rg2 Qf3 32. Nc2 Bb6 33. Nb4 0-0-0 34. c7 Rd7 35. Qc3 Rxc7 36. Qxh8+ Kb7 37. Bxc7 1-0

[Event "Titled Tuesday intern op 19th Dec Early"]
[Site "Chess.com INT"]
[Date "2023.12.19"]
[Round "7"]
[White "Arabidze, Meri"]
[Black "Bernadskiy, Vitaliy"]
[Result "1-0"]
[WhiteElo "2462"]
[BlackElo "2558"]
[PlyCount "71"]
[EventDate "2023.12.19"]
[EventType "swiss (blitz)"]
[EventRounds "11"]
[EventCountry "USA"]
[SourceTitle "CB52_2023"]
[SourceDate "2023.12.27"]
[SourceVersion "1"]
[SourceVersionDate "2023.12.27"]
[SourceQuality "1"]

1. Nf3 g6 2. c4 a6 3. Nc3 c5 4. g3 b6 5. Bg2 Bb7 6. 0-0 d6 7. e4 Bg7 8. d4 cxd4 9. Nxd4 Nd7 10. Be3 Rc8 11. Qe2 h5 12. h3 Ne5 13. b3 h4 14. g4 Nf6 15. f4 Nc6 16. Rad1 Nd7 17. Nxc6 Bxc6 18. Nd5 0-0 19. e5 e6 20. Nxb6 Bxg2 21. Qxg2 Nxb6 22. Rxd6 Nd7 23. Rfd1 Rc7 24. Bb6 g5 25. Bxc7 Qxc7 26. Rxd7 Qa5 27. Qd2 Qc5+ 28. Qd4 Qa3 29. f5 Re8 30. f6 Bf8 31. Qd2 Qc5+ 32. Qd4 Qc6 33. Rd8 Rxd8 34. Qxd8 Qc5+ 35. Kg2 Qxe5 36. Qxf8+ 1-0